000 00908nam a22001937a 4500
005 20250805121353.0
010 _aHIN-130130
020 _a9789355486271
_c100.00
035 _aHN-102476
037 _bDBAD
082 _a820.8
100 _aलालवाणी , जेठो
_983744
245 _aभारतीय साहित्य के निर्माता:
_cजेठो लालवाणी
_bईश्वर चन्द्र /
250 _aप्रथम
260 _bसाहित्य अकादमी
_aनई दिल्ली
_c2024
270 _aरबिन्द्र भवन , 35, फिरोजशाह रोड, नई दिल्ली
_bनई दिल्ली
_e110001
_k011-2338626/27/28
_msecretary@sahitya-akademi.gov.in
300 _a93पृ.
_b22सेमी (अजिल्द)
942 _2ddc
_cHN
_h820.8
_mलालव
999 _c212831
_d212831